000 01009cam a2200313 i 4500
999 _c200427028
_d44952
001 18043693
003 TR-AnTOB
005 20190322123608.0
008 140224s2013 enka b 000 0 eng
010 _a 2013487550
020 _a9780946121311
040 _aDLC
_beng
_erda
_cTR-AnTOB
041 0 _atur
042 _apcc
050 0 0 _aHD9502.A2
_bW75 2017
090 _aHD9502.A2
_bW75 2017
245 1 0 _aWorld Turkey Energy Council :
_bTürk milli komitesi /
_c23 .Dünya Enerji Kongresi.
264 1 _aLondon :
_bWorld Energy Council,
_c2013.
300 _a71 pages :
_billustrations (some color) ;
_c22 cm
336 _atext
_btxt
_2rdacontent
337 _aunmediated
_bn
_2rdamedia
338 _avolume
_bnc
_2rdacarrier
504 _aIncludes bibliographical references (pages 58-65).
610 2 0 _aWorld Power Conference.
610 2 0 _aWorld Energy Council
_xHistory.
650 0 _aPower resources
_xHistory.
650 0 _aPower resources
_xInternational cooperation.
942 _2lcc
_cBK